[Event "Guernsey Challengers 48th"]
[Site "Guernsey"]
[Date "2024.10.17"]
[Round "5"]
[White "Dennis, Nigel W"]
[Black "Jacobs, Simon"]
[Result "1/2-1/2"]
[WhiteElo "1868"]
[BlackElo "1737"]
[PlyCount "51"]
[EventDate "2024.10.13"]
[EventType "swiss"]
[EventRounds "7"]
[EventCountry "GCI"]
[SourceTitle "BritBase"]
[Source "John Saunders"]
[SourceDate "2024.12.27"]
[SourceVersion "1"]
[SourceVersionDate "2024.12.27"]
[SourceQuality "1"]

1. e4 c6 2. d4 d5 3. exd5 cxd5 4. c4 Nf6 5. Nc3 Nc6 6. Bg5 dxc4 7. d5 Ne5 8. Bxc4 Nxc4 9. Qa4+ Bd7 10. Qxc4 h6 11. Bf4 e6 12. dxe6 Bxe6 13. Qb5+ Qd7 14. Nf3 Qxb5 15. Nxb5 Bb4+ 16. Bd2 Bxd2+ 17. Nxd2 Nd5 18. Nd4 Nf4 19. Nxe6 Nxe6 20. O-O O-O 21. Rac1 Rfd8 22. Nb3 Rd5 23. Rfd1 Rad8 24. Rxd5 Rxd5 25. Kf1 Kf8 26. g3 1/2-1/2

[Event "Guernsey Challengers 48th"]
[Site "Guernsey"]
[Date "2024.10.17"]
[Round "5"]
[White "Nevska, Gerda"]
[Black "Poldermans, Daan"]
[Result "1-0"]
[WhiteElo "1854"]
[BlackElo "1761"]
[PlyCount "55"]
[EventDate "2024.10.13"]
[EventType "swiss"]
[EventRounds "7"]
[EventCountry "GCI"]
[SourceTitle "BritBase"]
[Source "John Saunders"]
[SourceDate "2024.12.27"]
[SourceVersion "1"]
[SourceVersionDate "2024.12.27"]
[SourceQuality "1"]

1. e4 e6 2. d4 d5 3. exd5 exd5 4. c4 c6 5. Nc3 Nf6 6. Nf3 Be7 7. Bd3 O-O 8. Be3 Nbd7 9. O-O dxc4 10. Bxc4 Nb6 11. Bd3 Bg4 12. h3 Bh5 13. Ne4 Bg6 14. Ng3 Bxd3 15. Qxd3 Nbd5 16. a3 Re8 17. Nf5 Nxe3 18. fxe3 Qd5 19. Rae1 Ne4 20. Ne5 Bf6 21. Ng4 Re6 22. Rf3 Rae8 23. Ref1 Ng5 24. Nfh6+ Kf8 25. Rxf6 gxf6 26. Nxf6 Rxf6 27. Rxf6 Re4 28. Rf5 1-0

[Event "Guernsey Challengers 48th"]
[Site "Guernsey"]
[Date "2024.10.17"]
[Round "5"]
[White "Bakkes, Frits"]
[Black "Stinson, William James"]
[Result "1-0"]
[WhiteElo "1676"]
[BlackElo "1816"]
[PlyCount "105"]
[EventDate "2024.10.13"]
[EventType "swiss"]
[EventRounds "7"]
[EventCountry "GCI"]
[SourceTitle "BritBase"]
[Source "John Saunders"]
[SourceDate "2024.12.27"]
[SourceVersion "1"]
[SourceVersionDate "2024.12.27"]
[SourceQuality "1"]

1. d4 Nf6 2. c4 e6 3. Nf3 Be7 4. Nc3 O-O 5. e4 Bb4 6. Bd3 d6 7. O-O Bxc3 8. bxc3 Nc6 9. Qc2 e5 10. Ba3 Re8 11. Rfd1 Bg4 12. Be2 Bxf3 13. Bxf3 Nd7 14. c5 exd4 15. cxd4 dxc5 16. dxc5 Qe7 17. Rab1 Rab8 18. g3 Nce5 19. Bg2 c6 20. f4 Ng4 21. Rb3 Nf8 22. Rbd3 Rbd8 23. Qd2 Rxd3 24. Qxd3 Rc8 25. e5 Rc7 26. Bb4 Rd7 27. Qe2 Rxd1+ 28. Qxd1 Ne3 29. Qd6 Nf5 30. Qxe7 Nxe7 31. Kf2 Ne6 32. a4 Nc7 33. g4 Ned5 34. Bxd5 Nxd5 35. Bd2 b6 36. cxb6 axb6 37. f5 Kf8 38. Kf3 Ke7 39. Ke4 h6 40. h4 f6 41. Bc1 Nc3+ 42. Kd3 Nxa4 43. Ba3+ Ke8 44. e6 b5 45. Kd4 c5+ 46. Bxc5 Nxc5 47. Kxc5 g6 48. fxg6 Kf8 49. g7+ Kxg7 50. Kxb5 Kf8 51. Kc5 Ke7 52. Kd5 h5 53. gxh5 1-0

[Event "Guernsey Challengers 48th"]
[Site "Guernsey"]
[Date "2024.10.17"]
[Round "5"]
[White "Murray, J Stephen"]
[Black "Flanagan, Keith"]
[Result "1-0"]
[WhiteElo "1805"]
[BlackElo "1645"]
[PlyCount "95"]
[EventDate "2024.10.13"]
[EventType "swiss"]
[EventRounds "7"]
[EventCountry "GCI"]
[SourceTitle "BritBase"]
[Source "John Saunders"]
[SourceDate "2024.12.27"]
[SourceVersion "1"]
[SourceVersionDate "2024.12.27"]
[SourceQuality "1"]

1. e4 c5 2. Be2 Nc6 3. f4 Nd4 4. Nf3 e6 5. O-O Be7 6. d3 d5 7. Nc3 dxe4 8. dxe4 Nf6 9. Bd3 O-O 10. Kh1 a6 11. Ne2 Nxe2 12. Qxe2 b5 13. b3 Qc7 14. c4 b4 15. e5 Ne8 16. Ng5 g6 17. Qg4 Bb7 18. h4 Bxg5 19. Qxg5 Qd8 20. Qxd8 Rxd8 21. Be2 Ng7 22. Be3 Rc8 23. Rad1 Nf5 24. Bf2 Rfd8 25. Kg1 Nd4 26. Bxd4 cxd4 27. Bf3 Rc7 28. Bxb7 Rxb7 29. Rf3 a5 30. Rfd3 Rbd7 31. Kf2 h6 32. Kf3 Kf8 33. Ke4 Ke7 34. Rxd4 Rxd4+ 35. Rxd4 Rc8 36. Rd6 a4 37. Kd4 axb3 38. axb3 Ra8 39. c5 Ra2 40. Kc4 Rxg2 41. Kxb4 Rg4 42. Rd4 g5 43. Kc4 Rxf4 44. Rxf4 gxf4 45. c6 Kd8 46. b4 Kc7 47. b5 Kb6 48. Kd4 1-0

[Event "Guernsey Challengers 48th"]
[Site "Guernsey"]
[Date "2024.10.17"]
[Round "5"]
[White "Williams, John A"]
[Black "Jongerius, Marc"]
[Result "1-0"]
[WhiteElo "1587"]
[BlackElo "1768"]
[PlyCount "65"]
[EventDate "2024.10.13"]
[EventType "swiss"]
[EventRounds "7"]
[EventCountry "GCI"]
[SourceTitle "BritBase"]
[Source "John Saunders"]
[SourceDate "2024.12.27"]
[SourceVersion "1"]
[SourceVersionDate "2024.12.27"]
[SourceQuality "1"]

1. d4 Nf6 2. c4 c6 3. Nc3 d5 4. Nf3 Bf5 5. Qb3 b6 6. e3 e6 7. Ne5 Bd6 8. cxd5 exd5 9. f3 Bxe5 10. dxe5 Nfd7 11. f4 Nc5 12. Qd1 Be4 13. Qg4 O-O 14. f5 Qc8 15. Nxe4 Nxe4 16. Bd3 g6 17. O-O h5 18. Qh4 Nd7 19. Bxe4 dxe4 20. Qxe4 Kh7 21. b4 Qe8 22. Bb2 Nf6 23. fxg6+ fxg6 24. Qc4 Nd5 25. Rxf8 Qxf8 26. e4 Ne7 27. Rf1 Qe8 28. Rf7+ Kh6 29. Bc1+ g5 30. Qe6+ Ng6 31. Qf6 Qxe5 32. Bxg5+ Qxg5 33. Qg7# 1-0

[Event "Guernsey Challengers 48th"]
[Site "Guernsey"]
[Date "2024.10.17"]
[Round "5"]
[White "Curran, David P"]
[Black "Harnden, Terry"]
[Result "1/2-1/2"]
[WhiteElo "1675"]
[BlackElo "1724"]
[PlyCount "49"]
[EventDate "2024.10.13"]
[EventType "swiss"]
[EventRounds "7"]
[EventCountry "GCI"]
[SourceTitle "BritBase"]
[Source "John Saunders"]
[SourceDate "2024.12.27"]
[SourceVersion "1"]
[SourceVersionDate "2024.12.27"]
[SourceQuality "1"]

1. d4 Nf6 2. c4 e6 3. Nf3 Bb4+ 4. Bd2 Bxd2+ 5. Nbxd2 O-O 6. g3 b6 7. Bg2 Bb7 8. O-O d5 9. Rc1 dxc4 10. Nxc4 Nbd7 11. Re1 Rc8 12. b4 Ba8 13. b5 c6 14. a4 cxb5 15. axb5 Bd5 16. Nd6 Rxc1 17. Qxc1 Qb8 18. Qa3 Ne8 19. Nxe8 Rxe8 20. e4 Bb7 21. e5 Qa8 22. Nh4 Bxg2 23. Nxg2 Nf8 24. Nf4 Rd8 25. Ne2 1/2-1/2

[Event "Guernsey Challengers 48th"]
[Site "Guernsey"]
[Date "2024.10.17"]
[Round "5"]
[White "Collins, Alan"]
[Black "Gunn, Michael J"]
[Result "1/2-1/2"]
[WhiteElo "1696"]
[BlackElo "1735"]
[PlyCount "47"]
[EventDate "2024.10.13"]
[EventType "swiss"]
[EventRounds "7"]
[EventCountry "GCI"]
[SourceTitle "BritBase"]
[Source "John Saunders"]
[SourceDate "2024.12.27"]
[SourceVersion "1"]
[SourceVersionDate "2024.12.27"]
[SourceQuality "1"]

1. d4 Nf6 2. Nf3 e6 3. c3 b6 4. Bf4 Bb7 5. e3 Be7 6. Be2 d6 7. h3 Nbd7 8. Nbd2 a6 9. O-O O-O 10. Rc1 Rc8 11. Bd3 h6 12. Qe2 a5 13. Rfd1 Re8 14. e4 Nf8 15. e5 N6d7 16. Ne4 d5 17. Ng3 c5 18. Bb1 c4 19. Qd2 g5 20. Be3 f5 21. exf6 Bxf6 22. Nh2 Qe7 23. Ng4 Bg7 24. Nh5 1/2-1/2

[Event "Guernsey Challengers 48th"]
[Site "Guernsey"]
[Date "2024.10.18"]
[Round "6"]
[White "Evans, Barry M"]
[Black "Christoffersen, Odd"]
[Result "1/2-1/2"]
[WhiteElo "1834"]
[BlackElo "1743"]
[PlyCount "64"]
[EventDate "2024.10.13"]
[EventType "swiss"]
[EventRounds "7"]
[EventCountry "GCI"]
[SourceTitle "BritBase"]
[Source "John Saunders"]
[SourceDate "2024.12.27"]
[SourceVersion "1"]
[SourceVersionDate "2024.12.27"]
[SourceQuality "1"]

1. e4 e5 2. Nf3 Nf6 3. Nxe5 d6 4. Nf3 Nxe4 5. Nc3 Nxc3 6. dxc3 Nc6 7. Be3 Bf5 8. Qd2 a6 9. h3 Be7 10. O-O-O Qd7 11. Rg1 O-O-O 12. Nd4 Bf6 13. Nxf5 Qxf5 14. Be2 Kb8 15. Kb1 h6 16. g4 Qa5 17. g5 hxg5 18. Bxg5 Rxh3 19. Bxf6 gxf6 20. Rg7 Rdh8 21. Rxf7 Qe5 22. a3 Rh2 23. Bd3 Rh1 24. Rg7 Rxd1+ 25. Qxd1 Qf4 26. Qg1 Ne5 27. Rg8+ Rxg8 28. Qxg8+ Ka7 29. Qg2 Qf3 30. Qxf3 Nxf3 31. Kc1 Kb6 32. b3 Ne5 1/2-1/2

[Event "Guernsey Challengers 48th"]
[Site "Guernsey"]
[Date "2024.10.18"]
[Round "6"]
[White "Moyroud, Pierre"]
[Black "Finch, Russell"]
[Result "1-0"]
[WhiteElo "1831"]
[BlackElo "1789"]
[PlyCount "39"]
[EventDate "2024.10.13"]
[EventType "swiss"]
[EventRounds "7"]
[EventCountry "GCI"]
[SourceTitle "BritBase"]
[Source "John Saunders"]
[SourceDate "2024.12.27"]
[SourceVersion "1"]
[SourceVersionDate "2024.12.27"]
[SourceQuality "1"]

1. d4 Nf6 2. c4 g6 3. Nc3 Bg7 4. e4 d6 5. Be2 O-O 6. Nf3 Nc6 7. O-O e5 8. d5 Ne7 9. b4 a5 10. Ba3 axb4 11. Bxb4 Nh5 12. c5 dxc5 13. Bxc5 b6 14. Bb4 Bb7 15. Qb3 Re8 16. Rad1 Nc8 17. Bb5 Ba6 18. Bxe8 Bxf1 19. Bxf7+ Kxf7 20. d6+ 1-0

[Event "Guernsey Challengers 48th"]
[Site "Guernsey"]
[Date "2024.10.18"]
[Round "6"]
[White "Reink, Geerhard"]
[Black "Newell, David F"]
[Result "1/2-1/2"]
[WhiteElo "1803"]
[BlackElo "1842"]
[PlyCount "99"]
[EventDate "2024.10.13"]
[EventType "swiss"]
[EventRounds "7"]
[EventCountry "GCI"]
[SourceTitle "BritBase"]
[Source "John Saunders"]
[SourceDate "2024.12.27"]
[SourceVersion "1"]
[SourceVersionDate "2024.12.27"]
[SourceQuality "1"]

1. Nf3 f5 2. d3 d6 3. e4 e5 4. Nc3 Nf6 5. g3 Be7 6. Bg2 O-O 7. exf5 Bxf5 8. Nh4 Bg4 9. Ne2 Nc6 10. h3 Be6 11. O-O Qd7 12. Kh2 Nd5 13. Nf3 h6 14. c4 Nf6 15. Nc3 Qe8 16. b3 Qh5 17. Ng1 Ng4+ 18. Kh1 Rxf2 19. Qe1 Rxf1 20. Bxf1 Nf6 21. Be3 Rf8 22. Bg2 Nb4 23. Qd1 b6 24. Qd2 Qg6 25. Ne4 Na6 26. Nxf6+ Bxf6 27. Ne2 Nc5 28. Rd1 Bf5 29. Bxc5 dxc5 30. g4 Be6 31. Be4 Qf7 32. Rf1 Qd7 33. Bf5 Bg5 34. Bxe6+ Qxe6 35. Qe1 Rxf1+ 36. Qxf1 Qd6 37. Qf3 Bf4 38. Qe4 c6 39. Kg2 b5 40. cxb5 cxb5 41. Nxf4 exf4 42. Kf3 g5 43. Qe8+ Kg7 44. Qxb5 Qd5+ 45. Kf2 Qd4+ 46. Kf1 Qa1+ 47. Ke2 Qxa2+ 48. Kf3 Qc2 49. Qd7+ Kf6 50. Qd6+ 1/2-1/2

[Event "Guernsey Challengers 48th"]
[Site "Guernsey"]
[Date "2024.10.18"]
[Round "6"]
[White "Bakkes, Frits"]
[Black "Nevska, Gerda"]
[Result "0-1"]
[WhiteElo "1676"]
[BlackElo "1854"]
[PlyCount "64"]
[EventDate "2024.10.13"]
[EventType "swiss"]
[EventRounds "7"]
[EventCountry "GCI"]
[SourceTitle "BritBase"]
[Source "John Saunders"]
[SourceDate "2024.12.27"]
[SourceVersion "1"]
[SourceVersionDate "2024.12.27"]
[SourceQuality "1"]

1. d4 Nc6 2. e4 e5 3. Nf3 d6 4. d5 Nce7 5. c4 Nf6 6. Nc3 Ng6 7. Bg5 a6 8. a4 Be7 9. b4 O-O 10. a5 Bd7 11. h4 Bg4 12. Qd3 Nh5 13. Bxe7 Nxe7 14. g3 h6 15. Nh2 f5 16. Nxg4 fxg4 17. Be2 Qd7 18. Qd1 Nf6 19. h5 Rac8 20. Rh4 c6 21. dxc6 Qxc6 22. Nd5 Nexd5 23. exd5 Qe8 24. Bxg4 Nxg4 25. Rxg4 Qf7 26. Ra2 Qf5 27. Rc2 Rf7 28. Rg6 Qe4+ 29. Qe2 Qh1+ 30. Kd2 Rcf8 31. f3 Rxf3 32. Qd1 Rd3+ 0-1

[Event "Guernsey Challengers 48th"]
[Site "Guernsey"]
[Date "2024.10.18"]
[Round "6"]
[White "Williams, John A"]
[Black "Murray, J Stephen"]
[Result "1/2-1/2"]
[WhiteElo "1587"]
[BlackElo "1805"]
[PlyCount "44"]
[EventDate "2024.10.13"]
[EventType "swiss"]
[EventRounds "7"]
[EventCountry "GCI"]
[SourceTitle "BritBase"]
[Source "John Saunders"]
[SourceDate "2024.12.27"]
[SourceVersion "1"]
[SourceVersionDate "2024.12.27"]
[SourceQuality "1"]

1. d4 Nf6 2. c4 e6 3. Nc3 d5 4. cxd5 exd5 5. Bg5 Be7 6. Qc2 c6 7. e3 h6 8. Bh4 O-O 9. Bd3 Re8 10. Nge2 Nbd7 11. O-O Nh5 12. Bxe7 Qxe7 13. Rae1 Nf8 14. Nd1 Be6 15. a3 a5 16. Bf5 Nf6 17. Nf4 Bxf5 18. Qxf5 Qe4 19. Qxe4 Nxe4 20. Re2 Ne6 21. Nxe6 Rxe6 22. Nc3 Nxc3 1/2-1/2

[Event "Guernsey Challengers 48th"]
[Site "Guernsey"]
[Date "2024.10.18"]
[Round "6"]
[White "Jacobs, Simon"]
[Black "Remie, Peter"]
[Result "1/2-1/2"]
[WhiteElo "1737"]
[BlackElo "1773"]
[PlyCount "50"]
[EventDate "2024.10.13"]
[EventType "swiss"]
[EventRounds "7"]
[EventCountry "GCI"]
[SourceTitle "BritBase"]
[Source "John Saunders"]
[SourceDate "2024.12.27"]
[SourceVersion "1"]
[SourceVersionDate "2024.12.27"]
[SourceQuality "1"]

1. e4 c5 2. Be2 Nc6 3. d3 d6 4. f4 Nf6 5. Nf3 e5 6. O-O Be7 7. Qe1 Qc7 8. c3 Bd7 9. Na3 a6 10. Rb1 b5 11. Nc2 Rg8 12. Kh1 Be6 13. b3 Qa5 14. Rb2 Qc7 15. fxe5 dxe5 16. c4 b4 17. Ne3 Nd4 18. Nxd4 exd4 19. Nd5 Bxd5 20. Bf4 Bd6 21. Bxd6 Qxd6 22. exd5 Kd7 23. Qf2 Rae8 24. Rd2 Re7 25. Rfd1 Kc7 1/2-1/2

[Event "Guernsey Challengers 48th"]
[Site "Guernsey"]
[Date "2024.10.18"]
[Round "6"]
[White "Goman, Colin"]
[Black "Dennis, Nigel W"]
[Result "0-1"]
[WhiteElo "1716"]
[BlackElo "1868"]
[PlyCount "50"]
[EventDate "2024.10.13"]
[EventType "swiss"]
[EventRounds "7"]
[EventCountry "GCI"]
[SourceTitle "BritBase"]
[Source "John Saunders"]
[SourceDate "2024.12.27"]
[SourceVersion "1"]
[SourceVersionDate "2024.12.27"]
[SourceQuality "1"]

1. d4 Nf6 2. c4 g6 3. Nf3 Bg7 4. b3 O-O 5. Bb2 d6 6. e3 Nbd7 7. Nbd2 b6 8. Bd3 Bb7 9. Qc2 Re8 10. O-O-O e5 11. e4 Ng4 12. Rdf1 exd4 13. h3 Nge5 14. Bxd4 Nxd3+ 15. Qxd3 Nc5 16. Qc3 Bxd4 17. Qxd4 Nxe4 18. Nxe4 Rxe4 19. Qd1 Qf6 20. Kb1 Rae8 21. Nd2 Re2 22. f3 Rxg2 23. Re1 Rxe1 24. Rxe1 Qc3 25. Re8+ Kg7 0-1

[Event "Guernsey Challengers 48th"]
[Site "Guernsey"]
[Date "2024.10.18"]
[Round "6"]
[White "Wheat, Bob"]
[Black "Curran, David P"]
[Result "1-0"]
[WhiteElo "1798"]
[BlackElo "1675"]
[PlyCount "67"]
[EventDate "2024.10.13"]
[EventType "swiss"]
[EventRounds "7"]
[EventCountry "GCI"]
[SourceTitle "BritBase"]
[Source "John Saunders"]
[SourceDate "2024.12.27"]
[SourceVersion "1"]
[SourceVersionDate "2024.12.27"]
[SourceQuality "1"]

1. d4 Nf6 2. c4 e6 3. Nf3 Be7 4. Nc3 O-O 5. e4 d6 6. Be2 Nbd7 7. O-O e5 8. Bg5 c6 9. Bxf6 Bxf6 10. d5 Nb6 11. Rc1 c5 12. Qd2 g6 13. h3 Bd7 14. b3 Qe7 15. a4 a5 16. Rc2 Bg7 17. Bd3 f5 18. exf5 gxf5 19. Qg5 Rf6 20. Nh4 Qf7 21. g4 e4 22. Bxe4 fxe4 23. Nxe4 Kh8 24. Nxf6 Bxf6 25. Qh6 Rg8 26. f4 Bg7 27. Qxd6 Bd4+ 28. Kh2 Nc8 29. Qc7 Qe7 30. Nf5 Qe4 31. Nxd4 cxd4 32. Qe5+ Qxe5 33. fxe5 Be8 34. Rd2 1-0

[Event "Guernsey Challengers 48th"]
[Site "Guernsey"]
[Date "2024.10.18"]
[Round "6"]
[White "Gunn, Michael J"]
[Black "Rijsdijk, Peter"]
[Result "1/2-1/2"]
[WhiteElo "1735"]
[BlackElo "1858"]
[PlyCount "71"]
[EventDate "2024.10.13"]
[EventType "swiss"]
[EventRounds "7"]
[EventCountry "GCI"]
[SourceTitle "BritBase"]
[Source "John Saunders"]
[SourceDate "2024.12.27"]
[SourceVersion "1"]
[SourceVersionDate "2024.12.27"]
[SourceQuality "1"]

1. e4 c5 2. c3 b6 3. d4 cxd4 4. cxd4 Bb7 5. Nc3 e6 6. a3 a6 7. Nf3 h6 8. Bd3 d6 9. Be3 Nd7 10. Qe2 Ngf6 11. h3 Be7 12. O-O O-O 13. Rac1 d5 14. exd5 exd5 15. Bf4 Re8 16. Qd1 Ne4 17. Bxe4 dxe4 18. Nd2 g5 19. Bg3 f5 20. Qb3+ Kh7 21. Qf7+ Kh8 22. Qxf5 Bf6 23. Ncxe4 Bxd4 24. Nd6 Qf6 25. Qxf6+ Nxf6 26. Nxb7 Nh5 27. Bc7 Re2 28. Nf3 Bxb2 29. Rcd1 Bxa3 30. Rd8+ Rxd8 31. Nxd8 Kg8 32. Bxb6 Rb2 33. Be3 Bb4 34. Nc6 Bd6 35. g3 Bxg3 36. Ra1 1/2-1/2

[Event "Guernsey Challengers 48th"]
[Site "Guernsey"]
[Date "2024.10.18"]
[Round "6"]
[White "Harnden, Terry"]
[Black "Stinson, William James"]
[Result "0-1"]
[WhiteElo "1724"]
[BlackElo "1816"]
[PlyCount "22"]
[EventDate "2024.10.13"]
[EventType "swiss"]
[EventRounds "7"]
[EventCountry "GCI"]
[SourceTitle "BritBase"]
[Source "John Saunders"]
[SourceDate "2024.12.27"]
[SourceVersion "1"]
[SourceVersionDate "2024.12.27"]
[SourceQuality "1"]

1. e4 c6 2. d4 d5 3. e5 c5 4. c3 cxd4 5. cxd4 Nc6 6. Nf3 Bg4 7. Be3 e6 8. a3 Nge7 9. h3 Bxf3 10. Qxf3 Nf5 11. Qd1 Nxe3 0-1

[Event "Guernsey Challengers 48th"]
[Site "Guernsey"]
[Date "2024.10.18"]
[Round "6"]
[White "Jongerius, Marc"]
[Black "Bennett, David"]
[Result "1-0"]
[WhiteElo "1768"]
[BlackElo "1615"]
[PlyCount "45"]
[EventDate "2024.10.13"]
[EventType "swiss"]
[EventRounds "7"]
[EventCountry "GCI"]
[SourceTitle "BritBase"]
[Source "John Saunders"]
[SourceDate "2024.12.27"]
[SourceVersion "1"]
[SourceVersionDate "2024.12.27"]
[SourceQuality "1"]

1. e4 e5 2. Nf3 Nf6 3. Nxe5 Nxe4 4. Qe2 d5 5. d3 Qf6 6. Nf3 Be7 7. dxe4 dxe4 8. Qxe4 O-O 9. Bd3 g6 10. O-O Nc6 11. Nc3 Qe6 12. Bf4 Bd6 13. Qxe6 Bxe6 14. Bxd6 cxd6 15. Rad1 Bg4 16. Be4 Rad8 17. Nd5 f5 18. Bd3 Ne5 19. Be2 f4 20. h3 Bf5 21. Ne7+ Kg7 22. Nxf5+ Rxf5 23. Rd5 1-0

[Event "Guernsey Challengers 48th"]
[Site "Guernsey"]
[Date "2024.10.18"]
[Round "6"]
[White "Poldermans, Daan"]
[Black "Collins, Alan"]
[Result "1/2-1/2"]
[WhiteElo "1761"]
[BlackElo "1696"]
[PlyCount "34"]
[EventDate "2024.10.13"]
[EventType "swiss"]
[EventRounds "7"]
[EventCountry "GCI"]
[SourceTitle "BritBase"]
[Source "John Saunders"]
[SourceDate "2024.12.27"]
[SourceVersion "1"]
[SourceVersionDate "2024.12.27"]
[SourceQuality "1"]

1. e4 d6 2. d4 e5 3. dxe5 dxe5 4. Qxd8+ Kxd8 5. Bc4 f6 6. Nc3 c6 7. Be3 Kc7 8. Nge2 Bd6 9. O-O Nd7 10. a3 b5 11. Be6 Nb6 12. Bxb6+ axb6 13. Bxc8 Rxc8 14. Rfd1 Nh6 15. Ng3 g6 16. Rd3 Rhd8 17. Rad1 Be7 1/2-1/2

[Event "Guernsey Challengers 48th"]
[Site "Guernsey"]
[Date "2024.10.19"]
[Round "7"]
[White "Christoffersen, Odd"]
[Black "Moyroud, Pierre"]
[Result "1/2-1/2"]
[WhiteElo "1743"]
[BlackElo "1831"]
[PlyCount "47"]
[EventDate "2024.10.13"]
[EventType "swiss"]
[EventRounds "7"]
[EventCountry "GCI"]
[SourceTitle "BritBase"]
[Source "John Saunders"]
[SourceDate "2024.12.27"]
[SourceVersion "1"]
[SourceVersionDate "2024.12.27"]
[SourceQuality "1"]

1. e4 c6 2. d4 d5 3. Nc3 dxe4 4. Nxe4 Nd7 5. Nf3 Ngf6 6. Ng3 e6 7. Be2 Be7 8. O-O O-O 9. Be3 b6 10. c3 Bb7 11. Qb3 c5 12. Rfd1 Qc7 13. Rac1 Nd5 14. c4 Nxe3 15. Qxe3 Bxf3 16. Bxf3 cxd4 17. Qxd4 Rad8 18. Qe4 Nf6 19. Qe2 g6 20. a3 a5 21. Ne4 Nxe4 22. Qxe4 Rxd1+ 23. Rxd1 Rd8 24. g3 1/2-1/2

[Event "Guernsey Challengers 48th"]
[Site "Guernsey"]
[Date "2024.10.19"]
[Round "7"]
[White "Nevska, Gerda"]
[Black "Evans, Barry M"]
[Result "1-0"]
[WhiteElo "1854"]
[BlackElo "1834"]
[PlyCount "63"]
[EventDate "2024.10.13"]
[EventType "swiss"]
[EventRounds "7"]
[EventCountry "GCI"]
[SourceTitle "BritBase"]
[Source "John Saunders"]
[SourceDate "2024.12.27"]
[SourceVersion "1"]
[SourceVersionDate "2024.12.27"]
[SourceQuality "1"]

1. e4 d6 2. f4 c5 3. Nf3 Nc6 4. Bc4 e6 5. O-O Na5 6. Bb5+ Bd7 7. Bxd7+ Qxd7 8. b4 cxb4 9. d4 Nf6 10. Nbd2 Be7 11. a3 bxa3 12. Bxa3 b6 13. c4 O-O 14. Qe2 Rfe8 15. Rad1 Qa4 16. Qd3 Rac8 17. Ra1 Qc6 18. Rac1 Bf8 19. e5 Nd7 20. Ng5 g6 21. d5 Qc7 22. Qh3 h5 23. dxe6 fxe6 24. Nxe6 Qc6 25. Nxf8 Nxf8 26. Bxd6 Qd7 27. Qf3 Qf7 28. Ne4 Red8 29. Ng5 Qd7 30. Qd5+ Kg7 31. Bxf8+ Kxf8 32. Ne6+ 1-0

[Event "Guernsey Challengers 48th"]
[Site "Guernsey"]
[Date "2024.10.19"]
[Round "7"]
[White "Finch, Russell"]
[Black "Newell, David F"]
[Result "0-1"]
[WhiteElo "1789"]
[BlackElo "1842"]
[PlyCount "72"]
[EventDate "2024.10.13"]
[EventType "swiss"]
[EventRounds "7"]
[EventCountry "GCI"]
[SourceTitle "BritBase"]
[Source "John Saunders"]
[SourceDate "2024.12.27"]
[SourceVersion "1"]
[SourceVersionDate "2024.12.27"]
[SourceQuality "1"]

1. Nf3 e6 2. g3 f5 3. Bg2 Nf6 4. d3 d6 5. O-O Be7 6. Nbd2 Nc6 7. Re1 O-O 8. e4 e5 9. c3 fxe4 10. dxe4 Qe8 11. Qe2 Qh5 12. Nf1 Ng4 13. Qd3 Be6 14. h3 Nh6 15. Bxh6 Qxh6 16. Qe3 Qxe3 17. Rxe3 Rf7 18. N1d2 Raf8 19. b3 a5 20. Rae1 a4 21. Kh2 axb3 22. axb3 Ra8 23. Bf1 Ra2 24. Bd3 Rxd2 25. Nxd2 Rxf2+ 26. Kg1 Rxd2 27. b4 Ra2 28. Rf3 Ra3 29. b5 Na5 30. Bf1 Nc4 31. Bxc4 Bxc4 32. Rb1 b6 33. Rb2 Ra5 34. Rbf2 Rxb5 35. Rd2 Ra5 36. Rff2 Bg5 0-1

[Event "Guernsey Challengers 48th"]
[Site "Guernsey"]
[Date "2024.10.19"]
[Round "7"]
[White "Dennis, Nigel W"]
[Black "Williams, John A"]
[Result "1-0"]
[WhiteElo "1868"]
[BlackElo "1587"]
[PlyCount "89"]
[EventDate "2024.10.13"]
[EventType "swiss"]
[EventRounds "7"]
[EventCountry "GCI"]
[SourceTitle "BritBase"]
[Source "John Saunders"]
[SourceDate "2024.12.27"]
[SourceVersion "1"]
[SourceVersionDate "2024.12.27"]
[SourceQuality "1"]

1. e4 d6 2. d4 Nf6 3. Nc3 c6 4. Nf3 Bg4 5. Be2 e6 6. O-O Be7 7. Be3 O-O 8. h3 Bxf3 9. Bxf3 d5 10. e5 Nfd7 11. Bg4 c5 12. f4 cxd4 13. Bxd4 Nc6 14. Bf2 a6 15. Ne2 Bc5 16. c3 Qb6 17. b3 Rfd8 18. Nd4 Nxd4 19. Bxd4 Bxd4+ 20. Qxd4 Qxd4+ 21. cxd4 Rac8 22. Rac1 g6 23. Kf2 Nb6 24. Ke3 Kf8 25. Be2 Rxc1 26. Rxc1 Rc8 27. Rxc8+ Nxc8 28. g4 Ke7 29. h4 Na7 30. Bd3 Nc6 31. a3 Kd7 32. f5 Ne7 33. fxg6 fxg6 34. b4 Ke8 35. a4 Kd7 36. b5 a5 37. Kf4 Ke8 38. Kg5 Kf7 39. Kh6 Kg8 40. h5 gxh5 41. Bxh7+ Kh8 42. gxh5 Nc8 43. Bc2 Ne7 44. Kg5 Kg7 45. h6+ 1-0

[Event "Guernsey Challengers 48th"]
[Site "Guernsey"]
[Date "2024.10.19"]
[Round "7"]
[White "Murray, J Stephen"]
[Black "Wheat, Bob"]
[Result "1/2-1/2"]
[WhiteElo "1805"]
[BlackElo "1798"]
[PlyCount "32"]
[EventDate "2024.10.13"]
[EventType "swiss"]
[EventRounds "7"]
[EventCountry "GCI"]
[SourceTitle "BritBase"]
[Source "John Saunders"]
[SourceDate "2024.12.27"]
[SourceVersion "1"]
[SourceVersionDate "2024.12.27"]
[SourceQuality "1"]

1. e4 c5 2. Be2 Nc6 3. f4 d6 4. Nf3 g6 5. O-O Bg7 6. c3 e5 7. d3 Nge7 8. Be3 exf4 9. Bxf4 d5 10. Na3 a6 11. Qd2 dxe4 12. dxe4 Qxd2 13. Bxd2 b5 14. Be3 c4 15. Nc2 O-O 16. Ncd4 Bb7 1/2-1/2